神州高铁第一线——秦沈客运专线车站Qinhuangdao-Shenyang Hi-Speed Railway Stations - Statistics

General Stats
  • This quiz has been taken 61 times
  • The average score is 9 of 13
Answer Stats
答案 % Correct
秦皇岛站
98%
沈阳北站
98%
山海关站
91%
葫芦岛北站
89%
锦州南站
89%
盘锦北站
83%
绥中北站
70%
辽中站
70%
兴城西站
64%
台安站
49%
东戴河站
47%
皇姑屯站
26%
龙家营站
11%
No matching quizzes found
Score Distribution
Percent of People with Each Score
Percentile by Number Answered
Your Score History
You have not taken this quiz